"-postavme si kostol" rozprávanie o tej našej krvavej posviacke kostola 27. októbra 1907

Bibliographic Details
Main Author: Hatala, Ladislav (Author)
Format: Book
Language:Slovak
PhysicalDescription:56 s. ilustr. 21 cm
Published: [S.l.] [s.n.] [1997]
Edition:[1. vyd.]
Subjects:

MARC

LEADER 00000nam a2200000 a 4500
001 vtls010279967
003 SK-MaSNL
005 20260301031757.0
008 240318s1997 xo a f 000 0dslo
020 |q (brož.) 
040 |a SNK  |b slo  |c SNK  |e AACR2 
041 0 |a slo 
044 |a xo  |c SK 
072 7 |a 94(437)  |x Dejiny Česka a Slovenska  |2 konspekt 
080 |a 94(437.6)"1907"  |2 2001 
080 |a 929  |2 2001 
080 |a (0:82-3)  |2 2001 
100 1 |a Hatala, Ladislav  |4 aut  |9 327861 
245 1 0 |a "-postavme si kostol"  |b rozprávanie o tej našej krvavej posviacke kostola 27. októbra 1907  |c Ladislav Hatala 
246 3 0 |a Rozprávanie o tej našej krvavej posviacke kostola 27. októbra 1907 
250 |a [1. vyd.] 
260 |a [S.l.]  |b [s.n.]  |c [1997] 
300 |a 56 s.  |b ilustr.  |c 21 cm 
500 |a Na rube tit. str.: spracoval Robert Hatala 
600 1 7 |a Hlinka, Andrej,  |d 1864-1938  |2 SNKMA  |9 103031 
650 0 7 |a Černovská tragédia (1907 : Černová, Ružomberok, Slovensko)  |2 SNKPH  |9 13642 
651 7 |a Černová (Ružomberok, Slovensko)  |2 SNKPH  |9 105537 
655 7 |a rozprávanie  |2 SNKPH  |9 70513 
958 |a OND 
999 |c 577294  |d 579224 
952 |a SNK  |b SNK  |y PREZ  |7 0  |p 17A0703366  |o snkSC 145523  |i snk2011/11619  |8 1  |0 0  |1 0  |4 0  |d 2011-05-20  |l 0  |r 2025-07-15 00:00:00  |w 2026-02-23